| 000 | 00864nam a2200205Ia 4500 | ||
|---|---|---|---|
| 001 | 9162 | ||
| 003 | GE_BSU | ||
| 008 | 181216s||||||||xx |||||||||||||| ||und|| | ||
| 040 | _cGE_BSU | ||
| 080 | _a82-93 | ||
| 245 | _aლილე:ახალგაზრდა საბავშვო მწერალთა მხატვრულ–ლიტერატურული ალმანახი | ||
| 245 | _cრედ.თ.ბექიშვილი.მხატვ. თ.გორდელაძე | ||
| 260 | _aთბილისი | ||
| 260 | _bნაკადული | ||
| 260 | _c1969 | ||
| 300 | _a82გვ.21სმ. | ||
| 653 | _aახალგაზრდა საბავშვო მწერალთა მხატვრულ–ლიტერატურული ალმანახი | ||
| 653 | _aლილე | ||
| 942 | _cBK | ||
| 999 |
_c42466 _d42466 |
||